[Event "TCh-SLO"]
[Site "Celje SLO"]
[Date "2003.11.17"]
[Round "1"]
[White "Cebalo,M"]
[Black "Ruck,R"]
[Result "1/2-1/2"]
[WhiteElo "2486"]
[BlackElo "2551"]

1.d4 Nf6 2.c4 g6 3.Nc3 d5 4.cxd5 Nxd5 5.e4 Nxc3 6.bxc3 Bg7 7.Bc4 c5 8.Ne2 Nc6
9.Be3 O-O 10.O-O Qc7 11.Rc1 Rd8 12.f4 e6 13.g4 Na5 14.Bd3 f5 15.Qe1 b6 16.Ng3 Qf7
17.gxf5 exf5 18.exf5 gxf5 19.Qf2 Nc4 20.Bxc4 Qxc4 21.dxc5 bxc5 22.Bxc5 Bb7
23.Bd4 Rd7 24.Rfe1 Rad8 25.Bxg7 Rxg7 26.Rcd1 Rxd1 27.Rxd1 h5 28.Qxa7 h4 29.Qb8+ Kh7
30.Qd8 Qc5+ 31.Kf1 Qc4+ 32.Kg1 Qc5+ 33.Kf1 Qc4+  1/2-1/2

[Event "Claude Pecaut Mem"]
[Site "Taormina ITA"]
[Date "2003.11.20"]
[Round "6"]
[White "Estremera Panos,S"]
[Black "Carlsen,M"]
[Result "1/2-1/2"]
[WhiteElo "2350"]
[BlackElo "2450"]

1.d4 Nf6 2.c4 g6 3.Nc3 d5 4.cxd5 Nxd5 5.e4 Nxc3 6.bxc3 Bg7 7.Bc4 c5 8.Ne2 O-O
9.O-O Nc6 10.Be3 Bd7 11.Rb1 a6 12.dxc5 Qc7 13.Nd4 e6 14.f4 Rfd8 15.Nxc6 Bxc6
16.Qc2 Kh8 17.e5 Bf8 18.Rfd1 Rxd1+ 19.Rxd1 Qa5 20.Rd6 Qa4 21.Bb3 Qe4 22.Qxe4 Bxe4
23.Rd7 Kg8 24.Rc7 Rd8 25.Bd4 h5 26.h4 Bc6 27.Kf2 Re8 28.Bd1 Re7 29.Rc8 Re8
30.Rc7 Re7 31.Rc8 Re8 32.Rc7  1/2-1/2

[Event "Open Bali A"]
[Site "Benidorm ESP"]
[Date "2003.11.24"]
[Round "5"]
[White "De Lagontrie,J"]
[Black "Iglesias Valle,E"]
[Result "0-1"]
[WhiteElo "1993"]
[BlackElo "2132"]

1.d4 Nf6 2.c4 g6 3.Nc3 d5 4.cxd5 Nxd5 5.e4 Nxc3 6.bxc3 Bg7 7.Bc4 O-O 8.Ne2 b6
9.h4 Bb7 10.f3 Nc6 11.h5 Na5 12.Bd3 Qd7 13.hxg6 hxg6 14.Be3 e5 15.Qd2 Rfd8
16.Rd1 Bc6 17.Bh6 Bf6 18.Bg5 Qe7 19.Bxf6 Qxf6 20.Qh6 Ba4 21.Rd2 exd4 22.cxd4 Qg7
23.d5 c6 24.Qxg7+ Kxg7 25.Nc3 b5 26.dxc6 Nxc6 27.Bxb5 Bxb5 28.Nxb5 Rxd2 29.Kxd2 Rb8
30.Nc3 Rb2+ 31.Kc1 Rxg2 32.Rd1 Rf2 33.f4 Rxf4 34.Rd6 Rf6 35.Rd7 Rf2 36.a3 g5
37.Kd1 Rf3 38.Nb5 a6 39.Ke2 g4 40.Rd5 axb5 41.Rg5+ Kf6 42.Rxg4 Rxa3 43.Rf4+ Ke6
44.Kd2 Ne5 45.Kc2 b4 46.Rh4 Rg3 47.Rh1 b3+ 48.Kb2 Nc4+ 49.Kb1 Nd2+ 50.Kb2 Nxe4
51.Re1 f5 52.Rh1 Ke5 53.Rh5 Nd6 54.Rh1 Nc4+ 55.Kb1 Rg2 56.Re1+ Kd4 57.Rh1 Rb2+
58.Kc1 Rc2+ 59.Kd1 Ne3+  0-1

[Event "TCh-SWE 2003-4"]
[Site "Malmo SWE"]
[Date "2003.11.29"]
[Round "4"]
[White "Olsson,L"]
[Black "Winsnes,R"]
[Result "0-1"]
[WhiteElo "2269"]
[BlackElo "2394"]

1.d4 Nf6 2.c4 g6 3.Nc3 d5 4.cxd5 Nxd5 5.e4 Nxc3 6.bxc3 Bg7 7.Bc4 c5 8.Ne2 O-O
9.Be3 Nc6 10.Rc1 cxd4 11.cxd4 Qa5+ 12.Kf1 Qa3 13.Rc3 Qd6 14.h4 Nxd4 15.e5 Bxe5
16.Bxd4 Bf5 17.h5 Rad8 18.hxg6 Bxg6 19.Rh4 Bf6 20.Rg4 e5 21.Rcg3 Kg7 22.Qd3 exd4
23.Nf4 Be5 24.Bxf7 Bxf4 25.Bxg6 Bxg3 26.Bxh7+ Kh8 27.Rxg3 Qf4 28.Kg1 Qxf2+
29.Kh2 Qf4 30.Qg6 Rd7 31.Bg8 Rf6 32.Qe8 Rg7 33.Bd5+ Rf8 34.Qe1 Qxg3+ 35.Qxg3 Rxg3
36.Kxg3 b5 37.Bc6 b4 38.Bb5 a5 39.Kg4 Kg7 40.Bd3 Rf2 41.g3 Rxa2 42.Bc4 Rc2
43.Bb3 d3  0-1

[Event "TCh-SWE 2003-4"]
[Site "Malmo SWE"]
[Date "2003.11.29"]
[Round "4"]
[White "Lundin,An"]
[Black "Bergstrom,Mag"]
[Result "1/2-1/2"]
[WhiteElo "2238"]
[BlackElo "2285"]

1.d4 Nf6 2.c4 g6 3.Nc3 d5 4.cxd5 Nxd5 5.e4 Nxc3 6.bxc3 Bg7 7.Bc4 O-O 8.Ne2 Nc6
9.O-O b6 10.Be3 Bb7 11.Qd2 Na5 12.Bd3 c5 13.Bh6 cxd4 14.Bxg7 Kxg7 15.cxd4 Qd6
16.Rad1 Rac8 17.d5 e6 18.Nd4 exd5 19.Qg5 Qd8 20.Nf5+ Kh8 21.Ne7 f6 22.Nxg6+ hxg6
23.Qh6+ Kg8 24.Qxg6+ Kh8  1/2-1/2

[Event "33rd Rilton Cup"]
[Site "Stockholm SWE"]
[Date "2003.12.03"]
[Round "7"]
[White "Hillarp Persson,T"]
[Black "Eriksson,Joh"]
[Result "1-0"]
[WhiteElo "2512"]
[BlackElo "2414"]

1.d4 Nf6 2.c4 g6 3.Nc3 d5 4.cxd5 Nxd5 5.e4 Nxc3 6.bxc3 Bg7 7.Nf3 c5 8.Bc4 O-O
9.h3 Nc6 10.Be3 cxd4 11.cxd4 e6 12.O-O b6 13.Qd2 Bb7 14.Rad1 Na5 15.Bd3 Re8
16.Bh6 Bh8 17.Qf4 Rc8 18.Bb5 Bc6 19.Ne5 Re7 20.Ba6 Bb7 21.Bxb7 Rxb7 22.Ng4 f5
23.Bg5 Qc7 24.Rc1 Nc6 25.Nh6+ Kf8 26.d5 Qxf4 27.Bxf4 exd5 28.exd5 Ne7 29.Rxc8+ Nxc8
30.Rc1 Ne7 31.d6 Nd5 32.Rc8+ Kg7 33.Bg5  1-0

[Event "ch-IND National A"]
[Site "Calicut IND"]
[Date "2003.12.12"]
[Round "13"]
[White "Sareen,V"]
[Black "Ganguly,S"]
[Result "0-1"]
[WhiteElo "2367"]
[BlackElo "2531"]

1.d4 Nf6 2.c4 g6 3.Nc3 d5 4.cxd5 Nxd5 5.e4 Nxc3 6.bxc3 Bg7 7.Bc4 O-O 8.Ne2 c5
9.O-O Nc6 10.Be3 Bg4 11.f3 Na5 12.Bd3 Bd7 13.dxc5 Qc7 14.Qc2 Rfd8 15.Rfd1 e5
16.Nc1 Bf8 17.Nb3 Be6 18.Rab1 Nxb3 19.axb3 Bxc5 20.Bxc5 Qxc5+ 21.Kf1 Rac8
22.Rbc1 a5 23.c4 Rd4 24.Be2 b5 25.Rxd4 exd4 26.Qb2 a4 27.b4 Qg5 28.c5 Qe3
29.Rd1 a3 30.Qa1 a2 31.Rd3 Qf4 32.Rxd4 Qxh2 33.Kf2 h5 34.Bxb5 h4 35.Bf1 h3
36.Rd1 Bb3 37.Rd6 Ra8 38.Rd7 Bc4 39.Bxc4 hxg2  0-1

[Event "II Open"]
[Site "San Salvador ESA"]
[Date "2003.12.12"]
[Round "5"]
[White "Juarez Flores,R"]
[Black "Golod,V"]
[Result "0-1"]
[WhiteElo "2161"]
[BlackElo "2544"]

1.d4 Nf6 2.c4 g6 3.Nc3 d5 4.cxd5 Nxd5 5.e4 Nxc3 6.bxc3 Bg7 7.Bc4 c5 8.Ne2 Nc6
9.Be3 O-O 10.f3 Qc7 11.Rc1 Rd8 12.O-O e5 13.Bd5 Be6 14.dxc5 Na5 15.c4 Bf8
16.Qe1 Bxc5 17.Qf2 Rac8 18.Kh1 Qe7 19.f4 Bxe3 20.Qxe3 Nxc4 21.Bxc4 Bxc4 22.f5 Qc5
23.Qh3 Qf8 24.Rce1 Rd2 25.fxg6 hxg6 26.Qg4 Rxa2 27.h4 Rd8 28.Rf6 Qg7 29.Qg5 Rxe2
30.Ref1 Red2 31.h5  0-1

[Event "RUS-UKR Blitz g/3"]
[Site "bereg.ru INT"]
[Date "2003.12.14"]
[Round "6"]
[White "Najer,E"]
[Black "Eljanov,P"]
[Result "0-1"]
[WhiteElo "2608"]
[BlackElo "2597"]

1.d4 Nf6 2.c4 g6 3.Nc3 d5 4.cxd5 Nxd5 5.e4 Nxc3 6.bxc3 Bg7 7.Bc4 c5 8.Ne2 O-O
9.O-O Nc6 10.Be3 Bd7 11.Rb1 a6 12.a4 Rc8 13.Ba2 Na5 14.d5 b5 15.axb5 Bxb5
16.Re1 Nc4 17.Bf4 Qd7 18.Qc1 e6 19.dxe6 Qxe6 20.Ng3 Rfd8 21.Bg5 Rd7 22.h4 h5
23.Bh6 Bh8 24.Bg5 Re8 25.Qf4 Bxc3 26.Red1 Rxd1+ 27.Rxd1 Be5 28.Qf3 Qg4 29.Qxg4 hxg4
30.h5 Bxg3 31.fxg3 gxh5 32.Rd5 Rxe4 33.Rxc5 Kg7 34.Bh4 Re5 35.Rc7 Re1+ 36.Kf2 Re4
37.Bg5 Kg6 38.Bf4 Kg7 39.Rb7 Kf8 40.Rc7 Ke8 41.Rc8+ Kd7 42.Rc5 h4 43.Rg5 hxg3+
44.Kxg3 Re2 45.Rxg4 Rxa2 46.Rg5 Bc6 47.Rc5 Nb6 48.Be3 Nd5 49.Bd4 a5 50.Be5 a4
51.Ra5 Ke6 52.Bd4 Nb4 53.Ra7 Kd5 54.Bc3 Kc4 55.Bf6 a3 56.Kf4 Rf2+ 57.Kg5 a2  0-1

[Event "Christmas Open"]
[Site "Zadar CRO"]
[Date "2003.12.20"]
[Round "8"]
[White "Kozul,Z"]
[Black "Palac,M"]
[Result "1-0"]
[WhiteElo "2597"]
[BlackElo "2534"]

1.d4 Nf6 2.c4 g6 3.Nc3 d5 4.cxd5 Nxd5 5.e4 Nxc3 6.bxc3 Bg7 7.Be3 c5 8.Qd2 Qa5
9.Rc1 O-O 10.Nf3 Rd8 11.d5 e6 12.Be2 exd5 13.exd5 Bg4 14.O-O Nc6 15.Rfd1 b6
16.Bf4 Bxf3 17.Bxf3 Ne5 18.Be2 c4 19.Bxe5 Bxe5 20.Bxc4 Rac8 21.Qd3 Rc5 22.g3 b5
23.Bb3 Qc7 24.Rc2 a5 25.a4 bxa4 26.Bxa4 Rxc3 27.Rxc3 Qxc3 28.Qxc3 Bxc3 29.d6 Bb4
30.d7 Kf8 31.Rd5 Ke7 32.Kf1 Ke6 33.Rd4 Bc5 34.Re4+ Kd6 35.Re8 Kc7 36.Ke2 Bb6  1-0

[Event "ch-AUS"]
[Site "Adelaide AUS"]
[Date "2003.12.31"]
[Round "3"]
[White "Tao,T"]
[Black "Blazkova,P"]
[Result "1-0"]
[WhiteElo "2390"]
[BlackElo "2266"]

1.d4 Nf6 2.c4 g6 3.Nc3 d5 4.cxd5 Nxd5 5.e4 Nxc3 6.bxc3 Bg7 7.Ba3 O-O 8.Nf3 b6
9.Qc2 c5 10.dxc5 Qc7 11.Nd4 bxc5 12.Nb3 Nd7 13.Be2 c4 14.Nd2 Ne5 15.O-O Rd8
16.Rad1 Be6 17.Nf3 Nxf3+ 18.Bxf3 Rd3 19.Be2 Rxc3 20.Qa4 Qf4 21.Bb4 Rh3 22.g3 Qxe4
23.Qa5 Be5 24.Bxe7 Rh6 25.Rd8+ Kg7 26.Rxa8 Rxh2 27.Rg8+ Kh6 28.Qd2+  1-0

[Event "ch-AUS"]
[Site "Adelaide AUS"]
[Date "2004.01.02"]
[Round "4"]
[White "Reilly,T"]
[Black "Smerdon,D"]
[Result "1-0"]
[WhiteElo "2297"]
[BlackElo "2427"]

1.d4 Nf6 2.c4 g6 3.Nc3 d5 4.cxd5 Nxd5 5.e4 Nxc3 6.bxc3 Bg7 7.Nf3 c5 8.Bb5+ Nd7
9.O-O O-O 10.Ba3 Nf6 11.Re1 a6 12.Bf1 cxd4 13.cxd4 b5 14.Rc1 Re8 15.d5 Bb7
16.Nd4 Nxe4 17.Nc6 Bxc6 18.dxc6 Qxd1 19.Rcxd1 Nc3 20.Rd7 e6 21.g3 Rac8 22.Bg2 Nxa2
23.Bd6 Bf8 24.Bxf8 Rxf8 25.c7 Kg7 26.Bb7 Nb4 27.Rxe6 Nd3 28.Ree7 Rxc7 29.Rxc7 a5
30.Be4  1-0

[Event "ch-AUS"]
[Site "Adelaide AUS"]
[Date "2004.01.04"]
[Round "6"]
[White "Szuveges,N"]
[Black "Wright,N"]
[Result "0-1"]
[WhiteElo "1920"]
[BlackElo "2149"]

1.d4 Nf6 2.c4 g6 3.Nc3 d5 4.cxd5 Nxd5 5.e4 Nxc3 6.bxc3 Bg7 7.Bc4 c5 8.Ne2 O-O
9.O-O Nc6 10.Be3 Bg4 11.f3 Na5 12.Bd5 Bd7 13.Rb1 Qc7 14.dxc5 Rfd8 15.Qc2 e6
16.Bb3 Bf8 17.c6 Bxc6 18.Rfd1 b6 19.Bf4 Bc5+ 20.Kh1 Qe7 21.Be5 Bb7 22.Bd4 Rac8
23.Bxc5 Rxc5 24.Rxd8+ Qxd8 25.Rd1 Qc7 26.Qd3 Kg7 27.Qd4+ e5 28.Qd7 Ba6 29.Bxf7 Bb5
30.Qxc7 Rxc7 31.c4 Ba4 32.Rd5 Kxf7 33.Rxe5 Nxc4 34.Rg5 Ne3 35.h4 h6 36.Rg3 Rc2
37.Ng1 Rxa2 38.f4 Nd1 39.e5 Bd7 40.Nh3 Bf5 41.Kh2 a5  0-1

[Event "ch-AUS"]
[Site "Adelaide AUS"]
[Date "2004.01.10"]
[Round "11"]
[White "Thaw Chee Yin"]
[Black "Blazkova,P"]
[Result "1-0"]
[WhiteElo "2204"]
[BlackElo "2266"]

1.d4 Nf6 2.c4 g6 3.Nc3 d5 4.cxd5 Nxd5 5.e4 Nxc3 6.bxc3 Bg7 7.Bc4 c5 8.Ne2 O-O
9.O-O Nc6 10.Be3 Na5 11.Bd3 b6 12.dxc5 bxc5 13.Bxc5 Qc7 14.Bd4 e5 15.Be3 Be6
16.Qa4 Nc4 17.Bxc4 Bxc4 18.Rfe1 Rfd8 19.Ng3 Rd6 20.Red1 Rc6 21.Rd2 a6 22.Qd1 Be6
23.Rb1 Bf8 24.Ne2 f5 25.f3 Be7 26.Rdb2 Rd8 27.Qa4 f4 28.Rb7 fxe3 29.Rxc7 Rxc7
30.Qxa6 Bc4 31.Qb6 Rc5 32.Qa7 Rb5 33.Re1 Bc5 34.Qc7 Rdb8 35.g4 Bxa2 36.Qxe5 Bf8
37.Qc7 Rb1 38.Nc1 R8b2 39.Qa7 e2 40.Kf2 Bc4 41.Qd4 Bf7 42.Rxe2 Rb5 43.Nd3 Rd1
44.Qa4 Rbb1 45.Ne5 Rg1 46.Ke3 Bb3 47.Qc6 Ra1 48.c4 Bh6+ 49.f4 Ba4 50.Qe6+ Kh8
51.Nf7+ Kg7 52.Nxh6 Kxh6 53.g5+ Kg7 54.Rb2 Rge1+ 55.Kd4 Rad1+ 56.Kc5 Rb1
57.Qe5+ Kf7 58.Qc7+  1-0

[Event "ch-Commonwealth"]
[Site "Mumbai IND"]
[Date "2004.01.10"]
[Round "1"]
[White "Ravi,L"]
[Black "Harika,D"]
[Result "0-1"]
[WhiteElo "2462"]
[BlackElo "2329"]

1.d4 Nf6 2.c4 g6 3.Nc3 d5 4.cxd5 Nxd5 5.e4 Nxc3 6.bxc3 Bg7 7.Bc4 O-O 8.Ne2 c5
9.O-O Nc6 10.Be3 Bg4 11.f3 Na5 12.Bd3 cxd4 13.cxd4 Be6 14.d5 Bxa1 15.Qxa1 f6
16.Bh6 Re8 17.Kh1 a6 18.Nf4 Bf7 19.e5 g5 20.e6 gxf4 21.exf7+ Kxf7 22.Rd1 Qd6
23.Bf5 Rg8 24.Rd4 Rg6 25.Be6+ Ke8 26.Bxf4 Qc5 27.Re4 Rd8 28.Qe1 Kf8 29.Bd2 Nc4
30.Bb4 Qc7 31.Rxc4 Qxc4 32.Bxe7+ Kg7 33.Bxd8 Qxa2 34.g4 Qa3 35.Kg2 Qb2+ 36.Kh1 Qa3
37.Qe2 Qc1+ 38.Kg2 Qf4 39.Bf5 Qxf5 40.Qe7+ Kg8 41.Qe8+ Kg7 42.Be7 Rxg4+ 43.fxg4 Qxg4+
44.Kf2 Qf4+ 45.Ke1 Qe4+ 46.Kd2 Qxd5+ 47.Ke3 Qc6 48.Qxc6 bxc6 49.Kd4 Kg6 50.Kc5 f5
51.Kxc6 f4 52.Kd5 f3 53.Bc5 Kf5 54.Bf2 a5 55.h3 a4 56.Kc4 Ke4 57.Kb4 Kd3
58.Kxa4 Ke2 59.Bc5 f2 60.Bxf2 Kxf2 61.h4 h5 62.Kb3 Kg3 63.Kc2 Kxh4 64.Kd3 Kg3
65.Ke2 Kg2  0-1

[Event "TCh-SWE 2003-4"]
[Site "Malmo SWE"]
[Date "2004.01.17"]
[Round "6"]
[White "Ahlander,B"]
[Black "Karlsson,T"]
[Result "1-0"]
[WhiteElo "2407"]
[BlackElo "2252"]

1.d4 Nf6 2.c4 g6 3.Nc3 d5 4.cxd5 Nxd5 5.e4 Nxc3 6.bxc3 Bg7 7.Bc4 O-O 8.Nf3 c5
9.h3 Nc6 10.Be3 Qa5 11.O-O e6 12.Qe2 Qxc3 13.Rac1 Qa5 14.dxc5 Qc7 15.Rfd1 h6
16.Bb3 Kh7 17.Rd6 Bd7 18.Bf4 Rfd8 19.Rcd1 e5 20.Bg5 Nd4 21.Nxd4 hxg5 22.Nf3 Be8
23.Nxg5+ Kh8 24.Qg4 Rxd6 25.cxd6  1-0

[Event "ch-Kiev"]
[Site "Kiev UKR"]
[Date "2004.01.18"]
[Round "3"]
[White "Dziadyk,P"]
[Black "Shishkin,Va"]
[Result "0-1"]
[WhiteElo "2275"]
[BlackElo "2458"]

1.d4 Nf6 2.c4 g6 3.Nc3 d5 4.cxd5 Nxd5 5.e4 Nxc3 6.bxc3 Bg7 7.Nf3 c5 8.Be3 Qa5
9.Qd2 O-O 10.Rc1 Rd8 11.d5 e6 12.c4 Qxd2+ 13.Nxd2 b6 14.Be2 Na6 15.O-O Nb4
16.a3 Na2 17.Rc2 Nc3 18.Bd3 Ba6 19.Nb1 exd5 20.Nxc3 d4 21.Nd5 dxe3 22.fxe3 Rd7
23.g4 h6 24.Rcf2 Be5 25.h3 Kg7 26.Kg2 Bb7 27.Rb1 Bc6 28.Bc2 Rb8 29.a4 Rdb7
30.Bb3 a6 31.Rc1 Bd7 32.Kf3 g5 33.Rg2 Rh8 34.Rcg1 Be6 35.Ke2 b5 36.axb5 axb5
37.cxb5 Rxb5 38.Bc4 Rb2+ 39.Kd3 Rhb8 40.Rxb2 Rxb2 41.Ne7 Rh2 42.Nf5+ Kg6
43.Rb1 Rxh3 44.Rb7 Kf6 45.Bxe6 fxe6 46.Ne7 Bf4 47.e5+ Kxe5  0-1

[Event "1st WinTV Open"]
[Site "Chennai IND"]
[Date "2004.01.22"]
[Round "3"]
[White "Ravi,TeS"]
[Black "Sai,Sr"]
[Result "0-1"]
[WhiteElo "2069"]
[BlackElo "2264"]

1.d4 Nf6 2.c4 g6 3.Nc3 d5 4.cxd5 Nxd5 5.e4 Nxc3 6.bxc3 Bg7 7.Bc4 c5 8.Ne2 O-O
9.O-O Nc6 10.Be3 Qc7 11.Rc1 Bd7 12.Qd2 Rfd8 13.f4 Na5 14.Bd3 b5 15.e5 Nc4
16.Bxc4 bxc4 17.Ng3 Bc6 18.Qe2 cxd4 19.Bxd4 Bd5 20.f5 Qc6 21.Rf2 e6 22.fxg6 fxg6
23.Nf1 Be4 24.Qe3 Rf8 25.Nd2 Rxf2 26.Qxf2 Rf8 27.Qg3 Bh6 28.Rf1 Rxf1+ 29.Nxf1 a5
30.Qh4 Bf8 31.Ne3 Qb7 32.Qf6 Bf5 33.Nxf5 Qb1+ 34.Kf2 Qc2+ 35.Kf3 Qxf5+ 36.Qxf5 exf5
37.a4 Kf7 38.Bb6 Ke6 39.Bxa5 Kxe5 40.Bb4 Bg7 41.a5 Kd5 42.h3 h5 43.g4 fxg4+
44.hxg4 Be5 45.gxh5 gxh5 46.a6 Kc6 47.Ke4 h4 48.a7 Kb7 49.Bc5 Bxc3 50.Kd5 Bb4
51.Bxb4 h3 52.Kxc4 h2 53.Bc5 h1=Q 54.Kb5 Qd5 55.Kb4 Ka6 56.Bg1 Qe4+ 57.Kc3 Kb5
58.Bd4 Qf3+ 59.Kc2 Kc4 60.Be3 Qe2+ 61.Bd2 Qg2  0-1

[Event "1st WinTV Open"]
[Site "Chennai IND"]
[Date "2004.01.22"]
[Round "3"]
[White "Murali Krishnan,B"]
[Black "Aswin,J"]
[Result "1-0"]
[WhiteElo "2319"]
[BlackElo "2127"]

1.d4 Nf6 2.c4 g6 3.Nc3 d5 4.cxd5 Nxd5 5.e4 Nxc3 6.bxc3 Bg7 7.Be3 c5 8.Qd2 Qa5
9.Rc1 O-O 10.Nf3 Rd8 11.d5 e6 12.c4 Qc7 13.Bd3 e5 14.Bh6 b6 15.h4 f6 16.Rc3 Qe7
17.Nh2 Na6 18.Bxg7 Kxg7 19.Be2 Nc7 20.Bg4 Kh8 21.Bxc8 Raxc8 22.f4 exf4 23.Qxf4 f5
24.Re3 fxe4 25.O-O Rf8 26.Qxe4 Rxf1+ 27.Nxf1 Qxe4 28.Rxe4 Re8 29.Nd2 Kg8
30.Kf2 Kf7 31.Ke3 h6 32.a4 Kf6 33.Kf4 Rd8 34.Re2 a6 35.Ne4+ Kf7 36.Rb2 b5
37.axb5 axb5 38.Nxc5 Kg8 39.Ke5 bxc4 40.d6 c3 41.Rf2 Re8+ 42.Kd4 Nb5+ 43.Kd5 Re1
44.d7 Rd1+ 45.Kc4 c2 46.Rxc2 Na3+ 47.Kc3 Nxc2 48.Kxc2 Rd6 49.Ne4 Rxd7 50.Nf6+ Kf7
51.Nxd7 Ke6 52.Nc5+ Kf5 53.Kd3 Kg4 54.Ke2 Kg3 55.Kf1 Kxh4 56.Kf2 Kg4 57.Nd3 g5
58.g3 h5 59.Kg2 h4 60.Nf2+ Kf5 61.g4+ Kf4 62.Kh3 Kf3 63.Nd3 Ke4 64.Ne1 Ke5
65.Nf3+ Kf4 66.Nxh4 Ke5 67.Ng2 Ke4 68.Kg3 Ke5 69.Kf3 Kd4 70.Nf4 gxf4 71.Kxf4 Kd5
72.Kf5 Kd6 73.Kf6 Kd7 74.Kf7 Kd6 75.g5 Ke5 76.g6 Kf5 77.g7 Kg5 78.g8=Q+  1-0

[Event "ch-Kiev"]
[Site "Kiev UKR"]
[Date "2004.01.26"]
[Round "9"]
[White "Kalinkin,B"]
[Black "Shishkin,Va"]
[Result "0-1"]
[WhiteElo "2213"]
[BlackElo "2458"]

1.d4 Nf6 2.c4 g6 3.Nc3 d5 4.cxd5 Nxd5 5.e4 Nxc3 6.bxc3 Bg7 7.Bc4 c5 8.Ne2 O-O
9.O-O Nc6 10.Be3 Bd7 11.Rc1 Rc8 12.Qd2 Qa5 13.Qb2 b6 14.h3 e6 15.Rfd1 Rfd8
16.Bg5 Re8 17.e5 Bf8 18.Rd3 Ne7 19.Nf4 cxd4 20.cxd4 Nf5 21.d5 Ng7 22.d6 b5
23.Ra3 Qb6 24.Rb3 a6 25.a4 Nf5 26.axb5 Nd4 27.Rd3 Nxb5 28.Rb3 Bg7 29.Nd3 h6
30.Be3 Qd8 31.Nc5 Nxd6 32.Bxa6 Rc7 33.Rd1 Nf5 34.Nb7 Qa8 35.Bb6 Rxb7 36.Bxb7 Qxb7
37.Be3 Qc6 38.Rb7 Bc8 39.Rb8 Nxe3 40.fxe3 Qc5 41.Qc1 Qxc1 42.Rxc1 Bd7 43.Rb7 Ba4
44.Rb4 Bd7 45.Rc7 Rd8 46.Rd4 Bxe5 47.Rcxd7 Rf8 48.Rb4 g5 49.g4 Kg7 50.Rbb7 Kf6
51.Kg2 Kg6 52.Kf2 Bh8 53.e4 Be5 54.Ke2 Bf6 55.Ke3 Be5 56.Kd3 Bf6 57.Kc4 Be5
58.Kb5 Bg3 59.Kc5 Kf6 60.Kc4 Be5 61.Kd3 Kg6 62.Ke3 Kf6 63.Ra7 Kg6 64.Kf3 Bf6
65.Ra5 Bg7 66.Ke3 Rb8 67.Raa7 Rf8 68.Rab7 Be5 69.Rb5 Bg7 70.e5 Ra8 71.Rbb7 Ra3+
72.Ke4 Ra4+ 73.Rd4 Ra1 74.Rdd7 Rf1 75.Rb5 Re1+ 76.Kf3 Bxe5 77.Rd2 Bf4 78.Rd7 Re3+
79.Kf2 Rxh3 80.Rbb7 Rg3 81.Rxf7 Rxg4 82.Rh7 Rh4 83.Rhe7 Kf5 84.Rb6 e5 85.Rh7 h5
86.Rb1 Rh2+ 87.Kf1 Kg4 88.Rhb7  0-1

[Event "75th ch-GER"]
[Site "Hoeckendorf GER"]
[Date "2004.01.30"]
[Round "1"]
[White "Kalinitschew,S"]
[Black "Dausch,R"]
[Result "1-0"]
[WhiteElo "2519"]
[BlackElo "2331"]

1.d4 Nf6 2.c4 g6 3.Nc3 d5 4.cxd5 Nxd5 5.e4 Nxc3 6.bxc3 Bg7 7.Be3 c5 8.Qd2 Qa5
9.Rb1 b6 10.Bb5+ Bd7 11.Bd3 O-O 12.Ne2 cxd4 13.cxd4 Nc6 14.Qxa5 Nxa5 15.Kd2 Bc6
16.Rhc1 Rac8 17.d5 Bb7 18.Nd4 Bxd4 19.Bxd4 Rfd8 20.Rxc8 Rxc8 21.Rc1 Rxc1
22.Kxc1 f5 23.f3 fxe4 24.fxe4 Kf7 25.Kd2 e6 26.dxe6+ Kxe6 27.Ke3 Bc8 28.Kf4 Kf7
29.Bc3 Nc6 30.Bb5 Nb8 31.Ke5 Be6 32.a3 a6 33.Be2 Nd7+ 34.Kd6 Nc5 35.Bf3 Nd3
36.e5 Bc4 37.Bd4 b5 38.Bc3 Nf4 39.Bb7 Ke8 40.g3 Ne2 41.Bb2  1-0

[Event "X It Chiuso"]
[Site "Montecatini Terme ITA"]
[Date "2004.01.30"]
[Round "8"]
[White "Naumkin,I"]
[Black "Tocchioni,D"]
[Result "1-0"]
[WhiteElo "2416"]
[BlackElo "2249"]

1.d4 Nf6 2.c4 g6 3.Nc3 d5 4.cxd5 Nxd5 5.e4 Nxc3 6.bxc3 Bg7 7.Bc4 c5 8.Ne2 O-O
9.O-O Nc6 10.Be3 cxd4 11.cxd4 Bg4 12.f3 Na5 13.Bxf7+ Rxf7 14.fxg4 Rxf1+ 15.Kxf1 Qd6
16.Kg1 Rd8 17.Qa4 b6 18.Rc1 Qe6 19.Qc2 Qxg4 20.d5 Nb7 21.Nd4 Nd6 22.Ne6 Rc8
23.Qxc8+ Nxc8 24.Rxc8+ Kf7 25.Ng5+ Kf6 26.Rc6+ Ke5 27.Nf3+  1-0

[Event "Gibraltar Masters"]
[Site "Catalan Bay ENG"]
[Date "2004.01.31"]
[Round "5"]
[White "Harstad,C"]
[Black "Beshukov,S"]
[Result "0-1"]
[WhiteElo "2113"]
[BlackElo "2499"]

1.d4 Nf6 2.c4 g6 3.Nc3 d5 4.cxd5 Nxd5 5.e4 Nxc3 6.bxc3 Bg7 7.Bc4 c5 8.Ne2 O-O
9.O-O Nc6 10.Be3 Bd7 11.Qd2 Na5 12.Bd3 b5 13.Rab1 a6 14.f4 f5 15.exf5 Bxf5
16.Rbd1 Qc7 17.Bxf5 Rxf5 18.Ng3 Nc4 19.Qd3 Rff8 20.dxc5 Rad8 21.Qe4 Bxc3
22.f5 Qe5 23.Qxe5 Bxe5 24.Bh6 Bg7 25.Bxg7 Kxg7 26.Rde1 Rf7 27.Re6 a5 28.Rfe1 Rd2
29.fxg6 hxg6 30.c6 Rc2 31.Ne4 Ne3 32.Ng5 Rxg2+ 33.Kh1 Rxg5 34.R6xe3 Rc5 35.Re5 Rxc6
36.Rxb5 Ra6 37.Ree5 a4 38.Kg2 e6 39.Kg3 Rf5 40.Rxf5 gxf5 41.Kf4 Kf6 42.h4 a3
43.Rb4 Rc6 44.Rb3 Rc4+ 45.Kg3 Rg4+ 46.Kf3 Rxh4  0-1

[Event "1st WinTV Open"]
[Site "Chennai IND"]
[Date "2004.01.31"]
[Round "12"]
[White "Murugan,K"]
[Black "Sivanandan,B"]
[Result "0-1"]
[WhiteElo "2390"]
[BlackElo "2340"]

1.d4 Nf6 2.c4 g6 3.Nc3 d5 4.cxd5 Nxd5 5.e4 Nxc3 6.bxc3 Bg7 7.Bc4 c5 8.Ne2 Nc6
9.Be3 O-O 10.O-O Bd7 11.Rc1 Rc8 12.Qd2 Qa5 13.d5 Ne5 14.Bb3 Qa6 15.c4 b5
16.f4 bxc4 17.fxe5 cxb3 18.axb3 Bxe5 19.Rxc5 Qd6 20.Rxc8 Bxh2+ 21.Kh1 Rxc8
22.Nf4 Bg3 23.Rf3 Bh4 24.Bxa7 Bg4 25.Rd3 Qe5 26.Bf2 Bg5 27.Be3 Qxe4 28.d6 exd6
29.Nd5 Bh4 30.Bf2 Bf5 31.Re3 Qg4 32.Ne7+ Bxe7 33.Rxe7 Be4 34.Bg3 Rc1+  0-1

[Event "TCh-FRA Nat1 GpA"]
[Site "Nancy FRA"]
[Date "2004.01.31"]
[Round "2"]
[White "Mensch,E"]
[Black "Spielmann,Al"]
[Result "1/2-1/2"]
[WhiteElo "2355"]
[BlackElo "2257"]

1.d4 Nf6 2.c4 g6 3.Nc3 d5 4.cxd5 Nxd5 5.e4 Nxc3 6.bxc3 Bg7 7.Bc4 c5 8.Ne2 O-O
9.O-O Nc6 10.Be3 Bg4 11.f3 Na5 12.Bd3 cxd4 13.cxd4 Be6 14.d5 Bxa1 15.Qxa1  1/2-1/2

[Event "75th ch-GER"]
[Site "Hoeckendorf GER"]
[Date "2004.02.05"]
[Round "7"]
[White "Degtiarev,E"]
[Black "Voigt,R"]
[Result "1/2-1/2"]
[WhiteElo "2281"]
[BlackElo "2381"]

1.d4 Nf6 2.c4 g6 3.Nc3 d5 4.cxd5 Nxd5 5.e4 Nxc3 6.bxc3 Bg7 7.Bc4 c5 8.Ne2 cxd4
9.cxd4 Nc6 10.Be3 O-O 11.O-O Bg4 12.f3 Na5 13.Bxf7+ Rxf7 14.fxg4 Rxf1+ 15.Kxf1 Qd7
16.h3 Qe6 17.Qd3 Qc4 18.Qd2 Qa6 19.Qc2 Nc4 20.Qb3 Kh8 21.Kg1 Nd2 22.Bxd2 Qxe2
23.Qe3 Qc4 24.e5 Rd8 25.Rc1 Qxa2 26.Rc7 Qd5 27.Bb4 Rd7 28.Rc8+ Rd8 29.Rc7 Rd7
30.Rc5 Qg8 31.Qc3 h6 32.Rc8 Rd8 33.Rc7 Qd5 34.Bxe7 Qxd4+ 35.Qxd4 Rxd4 36.Bf6 Bxf6
37.exf6 Rf4 38.Rc8+ Kh7 39.Rc7+ Kh8 40.Rxb7 Rxf6 41.Rxa7 g5 42.g3 Rb6 43.Kg2 Rb3
44.h4 gxh4 45.gxh4 Kg8 46.Re7 Ra3 47.Kf2 Rh3 48.h5 Ra3 49.Re6 Kg7 50.Rg6+ Kh7
51.Rf6 Kg7 52.Rf3 Rxf3+ 53.Kxf3  1/2-1/2

[Event "75th ch-GER"]
[Site "Hoeckendorf GER"]
[Date "2004.02.06"]
[Round "8"]
[White "Breutigam,M"]
[Black "Kalinitschew,S"]
[Result "1/2-1/2"]
[WhiteElo "2409"]
[BlackElo "2519"]

1.d4 Nf6 2.c4 g6 3.Nc3 d5 4.cxd5 Nxd5 5.e4 Nxc3 6.bxc3 Bg7 7.Bc4 O-O 8.Ne2 c5
9.O-O Nc6 10.Be3 Bd7 11.Rb1 Rc8 12.Bb5 a6 13.Bxc6 Bxc6 14.d5 Bb5 15.a4 Bc4
16.Rxb7 e6 17.d6 Bxe2 18.Qxe2 Qxd6 19.Qc4 Rfd8 20.Ra7 Qd3 21.Qxd3 Rxd3 22.c4 Bd4
23.Rb1 Bxe3 24.fxe3 Rxe3 25.Rbb7 Rf8 26.Rxa6 Rxe4 27.a5 Rxc4 28.Rc6 Rc2 29.h4 Rd8
30.Kh2 Rdd2 31.Kg3 Rxg2+ 32.Kf4 Rgf2+ 33.Kg3 e5 34.a6 e4 35.Rb3 Rg2+ 36.Kf4 Ra2
37.Rb7 e3 38.Kxe3 Ra3+ 39.Ke4 Rg4+ 40.Kd5 Rxh4 41.a7 Kg7 42.Rc8 Rha4 43.Rcc7 Rf3
44.Rb8 Rfa3 45.Rbb7 h5 46.Rxf7+ Kh6 47.Kxc5 h4 48.Rh7+ Kg5 49.Rhg7 Kh5 50.Rb6 g5
51.Rbg6 Ra5+ 52.Kb4 R3a4+ 53.Kb3 Rg4 54.Rc6 Rg1 55.Rc8 Rb1+ 56.Kc2 Rba1 57.Rcg8 Kg4
58.a8=Q Rxa8 59.Rxg5+ Kh3 60.Rxa8 Rxa8 61.Kd2 Re8 62.Rg7 Re4 63.Rg8 Kh2 64.Rg7 Ra4
65.Ke2 Ra3 66.Kf2 Rg3 67.Rh7 h3 68.Rh8 Rg2+ 69.Kf1 Rg4 70.Rf8 Ra4 71.Rg8 Rf4+
72.Ke2 Rf7 73.Rg6  1/2-1/2

[Event "TCh-CZE Extraliga 2003-4"]
[Site "Czech Rep CZE"]
[Date "2004.02.07"]
[Round "6"]
[White "Rubal,A"]
[Black "Walek,M"]
[Result "1/2-1/2"]
[WhiteElo "2241"]
[BlackElo "2339"]

1.d4 Nf6 2.c4 g6 3.Nc3 d5 4.cxd5 Nxd5 5.e4 Nxc3 6.bxc3 Bg7 7.Nf3 O-O 8.Rb1 c5
9.Be2 Nd7 10.O-O Nf6 11.Bd3 Qc7 12.Be3 Rd8 13.Qd2 b6 14.Bf4 Qc6 15.d5 Qb7
16.c4 Bd7 17.Rfe1 Nh5 18.Bh6  1/2-1/2

[Event "TCh-CZE Extraliga 2003-4"]
[Site "Czech Rep CZE"]
[Date "2004.02.07"]
[Round "6"]
[White "Polak,T"]
[Black "Konopka,M"]
[Result "1-0"]
[WhiteElo "2490"]
[BlackElo "2451"]

1.d4 Nf6 2.c4 g6 3.Nc3 d5 4.cxd5 Nxd5 5.e4 Nxc3 6.bxc3 Bg7 7.Nf3 c5 8.Be3 Qa5
9.Bd2 O-O 10.Be2 Bd7 11.a4 Rc8 12.O-O e6 13.c4 Qd8 14.d5 Bxa1 15.Qxa1 f6
16.Bc3 e5 17.Ne1 g5 18.h4 h6 19.hxg5 hxg5 20.Nd3 Qe7 21.f4 gxf4 22.Nxf4 exf4
23.Rxf4 Rf8 24.Rf3 Rf7 25.Rg3+ Kf8 26.Qc1 Bxa4 27.Qh6+ Ke8 28.Bh5 Nd7 29.Rg8+ Nf8
30.Bxf6  1-0

[Event "AS04 Centenary"]
[Site "Copenhagen DEN"]
[Date "2004.02.13"]
[Round "7"]
[White "Jakobsen,O"]
[Black "Hermansson,E"]
[Result "1/2-1/2"]
[WhiteElo "2388"]
[BlackElo "2429"]

1.d4 Nf6 2.c4 g6 3.Nc3 d5 4.cxd5 Nxd5 5.e4 Nxc3 6.bxc3 Bg7 7.Bb5+ c6 8.Ba4 O-O
9.Ne2 c5 10.O-O Nc6 11.Be3 Qc7 12.Rb1 Rd8 13.Qc2 Na5 14.Qc1 b6  1/2-1/2